000 00410nam a2200157Ia 4500
005 20250106030332.0
008 240331s9999 xx 000 0 und d
082 _bPRA
_25739
_a305
245 0 _aWomen in Governance:
_bAssessment and Analysis
260 _aKathmandu
_bSap-Nepal Publishing House
_c2003
300 _a59 p.,
650 _aWomen
650 _aPolitics
700 _aShrestha, P
_eedt
942 _cL
999 _c5623
_d5623